Mechanics of machinery
This book is intended for use in undergraduate courses of civil, mechanical and chemical engineering. Enunciation of basic concepts; Development of physical and mathematical models with interspersed numerical examples; Illustrative examples involving the application and extension of the models devel...
Kaydedildi:
| Yazar: | |
|---|---|
| Materyal Türü: | Kitap |
| Dil: | Undetermined |
| Baskı/Yayın Bilgisi: |
New York
McGraw-Hill
1958
|
| Konular: | |
| Etiketler: |
Etiketle
Etiket eklenmemiş, İlk siz ekleyin!
|
| Thư viện lưu trữ: | Trung tâm Học liệu Trường Đại học Cần Thơ |
|---|
| LEADER | 00864nam a2200193Ia 4500 | ||
|---|---|---|---|
| 001 | CTU_23969 | ||
| 008 | 210402s9999 xx 000 0 und d | ||
| 082 | |a 620.1 | ||
| 082 | |b H198 | ||
| 100 | |a Ham, C. W. | ||
| 245 | 0 | |a Mechanics of machinery | |
| 245 | 0 | |c C. W. Ham, E. J. Crane, W. L. Rogers | |
| 260 | |a New York | ||
| 260 | |b McGraw-Hill | ||
| 260 | |c 1958 | ||
| 520 | |a This book is intended for use in undergraduate courses of civil, mechanical and chemical engineering. Enunciation of basic concepts; Development of physical and mathematical models with interspersed numerical examples; Illustrative examples involving the application and extension of the models developed; Objective questions and exercise problems | ||
| 650 | |a Mechanical engineering | ||
| 904 | |i Thơm, Trọng Hiếu | ||
| 980 | |a Trung tâm Học liệu Trường Đại học Cần Thơ | ||